Statistiques concernant Paroles - Pénis Yaourt - Antoine Daniel

Cliquez ici pour prendre le quiz!

Statistiques générales

  • Ce quiz a été pris 72 fois
  • Le résultat moyen est 36 sur 61

Statistiques - réponses

Réponse% Correct
pénis
98%
pénis
98%
mon
97%
mon
97%
mon
97%
yaourt
97%
yaourt
97%
dans
95%
dans
95%
me
94%
de
88%
de
88%
j'ai
86%
J'aime
86%
Le
86%
mettre
85%
la
75%
est
69%
Je
69%
je
69%
nature
69%
un
69%
avec
68%
garniture
65%
ou
65%
les
63%
même
62%
même
62%
seul
62%
bien
60%
Banane
58%
refuge
58%
Et
57%
pêche
57%
si
57%
juge
55%
yaourts
55%
l'on
52%
peu
51%
importe
49%
mettrai
49%
oh
49%
oui
48%
que
42%
que
42%
tu
34%
au
32%
Il
31%
chose
29%
chose
29%
quelque
29%
Quelque
29%
Bébé
28%
Bébé
28%
moi
28%
faut
26%
plus
26%
toi
26%
sais
25%
profond
23%
t'avoue
23%

Distribution des résultats

Percentile par nombre de réponses

% des personnes avec chaque résultat

Votre développement - résultats

Vous n’avez pas pris ce quiz